|
|
|
|
| LEADER |
01816nam a2200445 a 4500 |
| 001 |
EBC841922 |
| 003 |
MiAaPQ |
| 005 |
20200520144314.0 |
| 006 |
m o d | |
| 007 |
cr cn||||||||| |
| 008 |
110818s2011 dcuad sb 001 0 eng d |
| 010 |
|
|
|z 2011034139
|
| 020 |
|
|
|z 9780821386880
|
| 020 |
|
|
|a 9780821387443 (electronic bk.)
|
| 035 |
|
|
|a (MiAaPQ)EBC841922
|
| 035 |
|
|
|a (Au-PeEL)EBL841922
|
| 035 |
|
|
|a (CaPaEBR)ebr10527224
|
| 035 |
|
|
|a (CaONFJC)MIL344658
|
| 035 |
|
|
|a (OCoLC)773566705
|
| 040 |
|
|
|a MiAaPQ
|c MiAaPQ
|d MiAaPQ
|
| 043 |
|
|
|a cl-----
|a d------
|
| 050 |
|
4 |
|a HD3616.L32
|b D484 2011
|
| 082 |
0 |
4 |
|a 338.98
|2 23
|
| 100 |
1 |
|
|a Devlin, Robert.
|
| 245 |
1 |
0 |
|a Breeding Latin American tigers
|h [electronic resource] :
|b operational principles for rehabilitating industrial policies in the region /
|c Robert Devlin, Graciela Moguillansky.
|
| 260 |
|
|
|a Washington, D.C. :
|b World Bank,
|c c2011.
|
| 300 |
|
|
|a xxiii, 271 p. :
|b ill.
|
| 490 |
1 |
|
|a Latin American development forum series
|
| 500 |
|
|
|a "A copublication of United Nations Economic Commission for Latin America and the Caribbean and the World Bank."
|
| 504 |
|
|
|a Includes bibliographical references and index.
|
| 533 |
|
|
|a Electronic reproduction. Ann Arbor, MI : ProQuest, 2015. Available via World Wide Web. Access may be limited to ProQuest affiliated libraries.
|
| 650 |
|
0 |
|a Industrial policy
|z Latin America.
|
| 650 |
|
0 |
|a Industrial policy
|z Developing countries.
|
| 650 |
|
0 |
|a Economic development
|z Latin America.
|
| 651 |
|
0 |
|a Latin America
|x Economic policy.
|
| 655 |
|
4 |
|a Electronic books.
|
| 700 |
1 |
|
|a Moguillansky, Graciela.
|
| 710 |
2 |
|
|a ProQuest (Firm)
|
| 830 |
|
0 |
|a Latin American development forum.
|
| 856 |
4 |
0 |
|u https://ebookcentral.proquest.com/lib/matrademy/detail.action?docID=841922
|z Click to View
|